|
|
|
|
| LEADER |
00000nas a22000007a 4500 |
| 001 |
ssj0001860 |
| 003 |
WaSeSS |
| 005 |
20200512172242.0 |
| 006 |
m d |
| 007 |
cr n |
| 008 |
020128c19669999txuqr pss 0 a0eng c |
| 010 |
|
|
|a 2002211006
|
| 015 |
|
|
|a GBB404662
|2 bnb
|
| 022 |
|
|
|a 1538-4764
|l 0022-4669
|y 0022-4669
|
| 030 |
|
|
|a JSPEB9
|
| 035 |
|
|
|a (WaSeSS)ssj0001860
|
| 037 |
|
|
|b PRO-ED Inc., 8700 Shoal Creek Blvd., Austin, TX 78757
|c $43.00 (individual, North America)
|c $109.00 (institution, North America)
|c $71.00 (individual, foreign)
|c $138.00 (institution, foreign)
|
| 040 |
|
|
|a NSD
|b eng
|c NSD
|d OCLCQ
|d NSD
|d OCLCQ
|d UQ1
|d CFI
|d LGG
|d OCLCQ
|d OCLCO
|d OCLCF
|d OCLCO
|d OCLCE
|d OCLCO
|d OCLCQ
|d OCLCO
|d HNK
|d OCLCQ
|d DEFHM
|d OCLCO
|d OCLCA
|d VT2
|d OCLCA
|d OCLCQ
|d OCLCA
|d WT2
|d NLE
|d REB
|d OCLCO
|d OCLCQ
|d OCLCO
|d AU@
|d OCLCO
|d OCLCA
|d OCLCQ
|d OCLCO
|d OCLCA
|d WaSeSS
|
| 042 |
|
|
|a pcc
|a nsdp
|a dlr
|
| 050 |
0 |
4 |
|a LC4001
|b .J6
|
| 082 |
0 |
0 |
|a 371.9/05
|2 13
|
| 130 |
0 |
|
|a Journal of special education (Austin, Tex. : Online)
|
| 210 |
0 |
|
|a J. spec. educ.
|b (Austin Tex., Online)
|
| 222 |
|
4 |
|a The journal of special education (Austin, Tex. Online)
|
| 245 |
1 |
4 |
|a The journal of special education
|h [electronic resource].
|
| 260 |
|
|
|a Austin, Tex. :
|b PRO-ED
|
| 310 |
|
|
|a Quarterly
|
| 362 |
1 |
|
|a Print began with vol. 1, (fall. 1966).
|
| 506 |
|
|
|a License restrictions may limit access.
|
| 538 |
|
|
|a Master and use copy. Digital master created according to Benchmark for Faithful Digital Reproductions of Monographs and Serials, Version 1. Digital Library Federation, December 2002.
|u http://purl.oclc.org/DLF/benchrepro0212
|5 MiAaHDL
|
| 538 |
|
|
|a Mode of access: World Wide Web.
|
| 583 |
1 |
|
|a digitized
|c 2010
|h HathiTrust Digital Library
|l committed to preserve
|2 pda
|5 MiAaHDL
|
| 588 |
0 |
|
|a Vol. 35, no. 4 (winter 2002); title from title screen (viewed July 1, 2003).
|
| 588 |
1 |
|
|a Vol. 36, no. 4 (winter 2003) (viewed July 1, 2003).
|
| 650 |
|
0 |
|a Special education
|v Periodicals.
|
| 650 |
|
0 |
|a Children with disabilities
|x Education
|v Periodicals.
|
| 650 |
|
2 |
|a Education, Special.
|
| 650 |
|
6 |
|a Éducation spéciale
|v Périodiques.
|
| 650 |
|
6 |
|a Enfants handicapés
|x Éducation
|v Périodiques.
|
| 650 |
|
7 |
|a Children with disabilities
|x Education.
|2 fast
|0 (OCoLC)fst00855556
|
| 650 |
|
7 |
|a Special education.
|2 fast
|0 (OCoLC)fst01128842
|
| 650 |
1 |
7 |
|a Speciaal onderwijs.
|2 gtt
|
| 650 |
|
7 |
|a Sonderpädagogik
|2 gnd
|
| 650 |
|
7 |
|a Zeitschrift
|2 gnd
|
| 650 |
1 |
7 |
|a Éducation spéciale.
|2 rasuqam
|
| 650 |
|
7 |
|a Enfant handicapé
|2 rasuqam
|
| 655 |
|
0 |
|a Electronic journals.
|
| 776 |
1 |
|
|t Journal of special education
|x 0022-4669
|w (DLC) 66009979
|w (OCoLC)1783202
|
| 856 |
4 |
0 |
|z Full text available from Research Library: 04/01/1997 to 05/31/2010
|u https://search.proquest.com/publication/3223
|